Rocket League Competitive Ranks - Statistics

General Stats
  • This quiz has been taken 278 times
  • The average score is 9 of 11
Answer Stats
Answer % Correct
Season 4 Gold
98%
Season 4 Bronze
97%
Season 4 Silver
96%
Season 4 Champion
93%
Season 3 Champion
93%
Season 4 Diamond
93%
Season 4 Platinum
92%
Season 4 Grand Champion
90%
Season 3 Prospect
47%
Season 3 Challenger
43%
Season 3 All Star
34%
No matching quizzes found
Score Distribution
Percent of People with Each Score
Percentile by Number Answered
Your Score History
You have not taken this quiz